[Event "CZE-chT2D 1314"]
[Site "Czechia"]
[Date "2014.01.05"]
[Round "5.4"]
[White "Ptacek, Lubos"]
[Black "Jedlicka, Ales"]
[Result "0-1"]
[WhiteElo "2092"]
[BlackElo "2199"]
[PlyCount "70"]
[EventDate "2013.11.03"]
[EventType "team-tourn"]
[EventRounds "11"]
[EventCountry "CZE"]
[SourceTitle "OM OTB B 201907"]
[Source "Opening Master"]
[SourceDate "2019.07.06"]
[SourceVersion "2"]
[SourceVersionDate "2019.07.06"]
[SourceQuality "1"]

1. e4 c5 2. Nf3 Nc6 3. Nc3 d6 4. d4 cxd4 5. Nxd4 Nf6 6. Be2 e5 7. Nb3 Be7 8.
Be3 Be6 9. O-O O-O 10. Qd2 a5 11. Rad1 a4 12. Nc1 a3 13. b3 h6 14. Bf3 Qa5 15.
Nd5 Bxd5 16. exd5 Qxd2 17. Rxd2 Nb4 18. c4 Nd7 19. g4 Bg5 20. Nd3 Nxd3 21. Rxd3
Rfe8 22. Be4 g6 23. Kg2 Rf8 24. Bxg5 hxg5 25. Rf3 Kg7 26. Bb1 Rfc8 27. Rc1 Nf6
28. h3 Nxd5 29. Be4 Ra5 30. Rd1 Nf4+ 31. Kh2 b5 32. Rxd6 bxc4 33. b4 Ra4 34. b5
c3 35. Bc2 Rd4 0-1

[Event "Bialystok Wiosna qual"]
[Site "Bialystok"]
[Date "2014.??.??"]
[Round "9"]
[White "Widelski, Kacper"]
[Black "Sazon, Adam"]
[Result "1/2-1/2"]
[WhiteElo "1653"]
[BlackElo "1819"]
[PlyCount "78"]
[EventDate "2014.04.??"]
[EventType "swiss"]
[EventRounds "9"]
[EventCountry "POL"]
[SourceTitle "OM OTB B 201907"]
[Source "Opening Master"]
[SourceDate "2019.07.06"]
[SourceVersion "2"]
[SourceVersionDate "2019.07.06"]
[SourceQuality "1"]

1. e4 c5 2. Nf3 d6 3. d4 cxd4 4. Nxd4 Nf6 5. Nc3 Nc6 6. Be2 e5 7. Nb3 Be6 8.
Be3 Be7 9. f3 O-O 10. Qd2 d5 11. exd5 Nxd5 12. Nxd5 Bxd5 13. O-O-O Bxb3 14.
axb3 Qxd2+ 15. Rxd2 Rfd8 16. Rhd1 Rxd2 17. Rxd2 Rd8 18. Bb5 Nd4 19. Bxd4 Rxd4
20. Rxd4 exd4 21. Kd2 f5 22. Kd3 Bf6 23. Kc4 Kf8 24. Bd7 g6 25. Bc8 b6 26. Kb5
Ke7 27. Ka6 Kd6 28. Kxa7 Kc5 29. b4+ Kxb4 30. Kxb6 d3 31. cxd3 Bxb2 32. Kc6 Kc3
33. Ba6 Kd4 34. Kd6 Ke3 35. Bc4 f4 36. h4 Kf2 37. Bg8 h6 38. Bh7 Kxg2 39. Bxg6
Kxf3 1/2-1/2

[Event "Zhukovsky op"]
[Site "Zhukovsky"]
[Date "2014.??.??"]
[Round "5"]
[White "Ibragimov, Ali"]
[Black "Slesarev, I."]
[Result "1/2-1/2"]
[WhiteElo "2064"]
[BlackElo "2008"]
[PlyCount "106"]
[EventDate "2014.08.08"]
[EventType "swiss"]
[EventRounds "9"]
[EventCountry "RUS"]
[SourceTitle "OM OTB B 201907"]
[Source "Opening Master"]
[SourceDate "2019.07.06"]
[SourceVersion "2"]
[SourceVersionDate "2019.07.06"]
[SourceQuality "1"]

1. e4 c5 2. Nc3 Nc6 3. Nf3 d6 4. d4 cxd4 5. Nxd4 Nf6 6. Be2 e5 7. Nxc6 bxc6 8.
Qd3 Be6 9. O-O Be7 10. Kh1 d5 11. exd5 cxd5 12. Qg3 d4 13. Nb5 a6 14. Na3 Qc7
15. b3 O-O 16. Bh6 Ne8 17. Nc4 Bf6 18. Rad1 Rc8 19. Bc1 Kh8 20. Ba3 Rg8 21. Bb4
Qb8 22. a3 Bf5 23. Rd2 g6 24. c3 dxc3 25. Bxc3 Qxb3 26. Bxe5 Qxg3 27. Bxg3 Bc3
28. Be5+ Bxe5 29. Nxe5 Kg7 30. Bxa6 Ra8 31. Bc4 Rxa3 32. Bxf7 Rf8 33. Ra2 Rxa2
34. Bxa2 Nf6 35. Rc1 Rc8 36. Rxc8 Bxc8 37. f3 Bf5 38. Kg1 Nd7 39. Nxd7 Bxd7 40.
f4 h6 41. Bd5 Bf5 42. Kf2 Kf6 43. Ke3 g5 44. g3 Bd7 45. Bg2 gxf4+ 46. Kxf4 Be6
47. Bf3 Bd7 48. Bg4 Bb5 49. Bf5 Be2 50. h4 Bd1 51. Be4 Be2 52. Bf3 Bc4 53. Kg4
Bf7 1/2-1/2

[Event "COL-ch sf"]
[Site "Medellin"]
[Date "2014.??.??"]
[Round "2"]
[White "Manrique, Fernando"]
[Black "Castaneda, Jhon David"]
[Result "1/2-1/2"]
[WhiteElo "2034"]
[BlackElo "2198"]
[PlyCount "87"]
[EventDate "2014.04.15"]
[EventType "swiss"]
[EventRounds "11"]
[EventCountry "COL"]
[SourceTitle "OM OTB B 201907"]
[Source "Opening Master"]
[SourceDate "2019.07.06"]
[SourceVersion "2"]
[SourceVersionDate "2019.07.06"]
[SourceQuality "1"]

1. e4 c5 2. Nf3 Nc6 3. d4 cxd4 4. Nxd4 Nf6 5. Nc3 d6 6. Be2 e5 7. Nb3 h6 8. Be3
Be7 9. O-O O-O 10. f3 Be6 11. Nd5 Bxd5 12. exd5 Nb8 13. c4 Nbd7 14. Rc1 b6 15.
Bd3 Rc8 16. Bb1 Re8 17. Qd3 Bf8 18. f4 exf4 19. Bxf4 g6 20. Qd2 Ne5 21. Bxh6
Nxc4 22. Qf4 Bxh6 23. Qxh6 Ng4 24. Qf4 Nge5 25. Nd4 Nxb2 26. Nc6 Rxc6 27. dxc6
b5 28. c7 Qd7 29. Rc3 Nbc4 30. Rh3 Ng4 31. Rg3 Nce3 32. Rc1 Rc8 33. Rxe3 Nxe3
34. Qxe3 Rxc7 35. Rxc7 Qxc7 36. Be4 Qc4 37. a3 a5 38. Qd3 Qc5+ 39. Kf1 Qe5 40.
h3 Kg7 41. Bd5 Qf4+ 42. Qf3 Qc1+ 43. Kf2 Qb2+ 44. Kg3 1/2-1/2

[Event "COL-ch sf"]
[Site "Medellin"]
[Date "2014.??.??"]
[Round "1"]
[White "Torres Rojas, Yuber Andres"]
[Black "Martinez Romero, Martin"]
[Result "0-1"]
[WhiteElo "2022"]
[BlackElo "2379"]
[PlyCount "74"]
[EventDate "2014.04.15"]
[EventType "swiss"]
[EventRounds "11"]
[EventCountry "COL"]
[SourceTitle "OM OTB B 201907"]
[Source "Opening Master"]
[SourceDate "2019.07.06"]
[SourceVersion "2"]
[SourceVersionDate "2019.07.06"]
[SourceQuality "1"]

1. e4 c5 2. Nf3 d6 3. d4 cxd4 4. Nxd4 Nf6 5. Nc3 Nc6 6. Be2 e5 7. Nb3 Be7 8.
Bg5 O-O 9. f4 exf4 10. O-O Nxe4 11. Bxe7 Qxe7 12. Nd5 Qe5 13. Nxf4 Be6 14. Nd3
Qg5 15. Bf3 Nf6 16. c3 Rfe8 17. Qc1 Qb5 18. Qd1 Bc4 19. Bxc6 bxc6 20. Nd4 Qg5
21. Rf3 c5 22. Nf5 Bd5 23. h4 Bxf3 24. Qxf3 Qg4 25. Rf1 Qxf3 26. Rxf3 Re6 27.
Nf4 Re1+ 28. Kh2 Ng4+ 29. Kh3 Ne5 30. Rf2 Rh1+ 31. Kg3 Rd1 32. h5 Nd3 33. Nxd3
Rxd3+ 34. Kf4 Re8 35. c4 f6 36. g4 g5+ 37. hxg6 hxg6 0-1

[Event "Erfurt op HT 23rd"]
[Site "Erfurt"]
[Date "2013.12.29"]
[Round "7"]
[White "Sauer, Marko"]
[Black "Link, Klaus"]
[Result "1/2-1/2"]
[WhiteElo "2077"]
[BlackElo "1934"]
[PlyCount "85"]
[EventDate "2013.12.26"]
[EventType "swiss"]
[EventRounds "8"]
[EventCountry "GER"]
[SourceTitle "OM OTB B 201907"]
[Source "Opening Master"]
[SourceDate "2019.07.06"]
[SourceVersion "2"]
[SourceVersionDate "2019.07.06"]
[SourceQuality "1"]

1. e4 c5 2. Nf3 Nc6 3. d4 cxd4 4. Nxd4 Nf6 5. Nc3 d6 6. Be2 e5 7. Nb3 Be6 8.
Bf3 Be7 9. Be3 O-O 10. O-O a5 11. Nd5 Bxd5 12. exd5 Nb8 13. c4 a4 14. Nd2 Nbd7
15. b4 axb3 16. axb3 Qc7 17. Qb1 Rxa1 18. Qxa1 b6 19. Rc1 Qb7 20. b4 Ra8 21.
Qb1 Bf8 22. Qc2 Rc8 23. Nb3 g6 24. g4 e4 25. Be2 h6 26. Nd4 Ne5 27. g5 Nfg4 28.
Bxg4 Nxg4 29. Qxe4 Nxe3 30. Qxe3 Qd7 31. gxh6 Kh7 32. Qf3 Bxh6 33. Rc2 Qe7 34.
Nc6 Qg5+ 35. Kf1 Ra8 36. Qxf7+ Bg7 37. Qf3 Ra1+ 38. Ke2 Qg1 39. Qh3+ Bh6 40.
Qd7+ Bg7 41. Qh3+ Bh6 42. Qd7+ Bg7 43. Qh3+ 1/2-1/2

[Event "Wch U14 Girls"]
[Site "Al Ain"]
[Date "2013.12.28"]
[Round "11"]
[White "Kiolbasa, Oliwia"]
[Black "Narva, Mai"]
[Result "1-0"]
[WhiteElo "2021"]
[BlackElo "1875"]
[PlyCount "73"]
[EventDate "2013.12.18"]
[EventType "swiss"]
[EventRounds "11"]
[EventCountry "UAE"]
[SourceTitle "OM OTB B 201907"]
[Source "Opening Master"]
[SourceDate "2019.07.06"]
[SourceVersion "2"]
[SourceVersionDate "2019.07.06"]
[SourceQuality "1"]

1. e4 c5 2. Nf3 Nc6 3. d4 cxd4 4. Nxd4 Nf6 5. Nc3 d6 6. Be2 e5 7. Nxc6 bxc6 8.
Qd3 Be7 9. Qg3 O-O 10. O-O Be6 11. f4 exf4 12. Bxf4 Qb6+ 13. Kh1 Rfd8 14. e5
Ne8 15. Ne4 d5 16. Bg5 Qc7 17. Bxe7 Qxe7 18. Ng5 h6 19. Nxe6 Qxe6 20. Bh5 g6
21. Bg4 Qe7 22. Rae1 Ng7 23. Rf6 c5 24. Ref1 Rf8 25. Qf4 Rab8 26. c4 dxc4 27.
Be2 Rxb2 28. Bxc4 Rb4 29. Rxg6 Rxc4 30. Qxc4 Kh7 31. Rgf6 Qxe5 32. Qd3+ Kg8 33.
Rxh6 Re8 34. Qh3 f5 35. Qb3+ Ne6 36. Rh5 Rf8 37. Rg5+ 1-0

[Event "GER-chT U20 Girls"]
[Site "Osnabrueck"]
[Date "2013.12.28"]
[Round "4.3"]
[White "Gressmann, Hanna"]
[Black "Kempe, Anne"]
[Result "0-1"]
[WhiteElo "1597"]
[BlackElo "1748"]
[PlyCount "120"]
[EventDate "2013.12.27"]
[EventType "team-swiss"]
[EventRounds "7"]
[EventCountry "GER"]
[SourceTitle "OM OTB B 201907"]
[Source "Opening Master"]
[SourceDate "2019.07.06"]
[SourceVersion "2"]
[SourceVersionDate "2019.07.06"]
[SourceQuality "1"]

1. e4 c5 2. Nf3 d6 3. d4 cxd4 4. Nxd4 Nf6 5. Nc3 Nc6 6. Be2 e5 7. Nb3 Be7 8.
O-O O-O 9. f4 a6 10. a4 Nb4 11. Bf3 Qc7 12. Be3 Be6 13. Nc1 Bc4 14. Nd3 d5 15.
fxe5 Nxe4 16. Nxe4 dxe4 17. Bxe4 Bxd3 18. cxd3 Qxe5 19. Bd2 Qd4+ 20. Kh1 Nxd3
21. Qf3 Nc5 22. Bxb7 Nxb7 23. Qxb7 Qxd2 24. Qxe7 Qxb2 25. Rab1 Qa2 26. Ra1 Qc4
27. Qb7 Rab8 28. Qa7 Rb4 29. Qd7 Qe6 30. Qa7 Qc6 31. a5 Rb2 32. Rf2 Rxf2 33.
Qxf2 Qc3 34. Qf1 Rc8 35. h3 h6 36. Qb1 Re8 37. Qd1 Re5 38. Qa4 Re2 39. Rd1 Qg3
40. Qc6 g6 41. Qd5 Qe5 42. Qa8+ Kg7 43. Qxa6 Ra2 44. Qc6 Rxa5 45. Rf1 Ra1 46.
Rxa1 Qxa1+ 47. Kh2 Qe5+ 48. Kh1 h5 49. Qd7 Qf6 50. Qc7 g5 51. Qd7 Qf1+ 52. Kh2
Qf4+ 53. Kh1 g4 54. hxg4 hxg4 55. Qd1 g3 56. Kg1 Qe3+ 57. Kh1 Qh6+ 58. Kg1 Qh2+
59. Kf1 Qh1+ 60. Ke2 Qxg2+ 0-1

[Event "Budapest Karacsonyi op 5th"]
[Site "Budapest"]
[Date "2013.12.28"]
[Round "2"]
[White "Varga, Attila"]
[Black "Bodrogi, Laszlo"]
[Result "0-1"]
[WhiteElo "1855"]
[BlackElo "2019"]
[PlyCount "110"]
[EventDate "2013.12.27"]
[EventType "swiss"]
[EventRounds "7"]
[EventCountry "HUN"]
[SourceTitle "OM OTB B 201907"]
[Source "Opening Master"]
[SourceDate "2019.07.06"]
[SourceVersion "2"]
[SourceVersionDate "2019.07.06"]
[SourceQuality "1"]

1. e4 c5 2. Nf3 Nc6 3. d4 cxd4 4. Nxd4 Nf6 5. Nc3 d6 6. Be2 e5 7. Nb3 Be7 8.
O-O O-O 9. Be3 a5 10. a3 Be6 11. Qd3 a4 12. Nd2 d5 13. exd5 Nxd5 14. Nxd5 Qxd5
15. Qxd5 Bxd5 16. Bf3 Bxf3 17. Nxf3 f5 18. Rfe1 Bf6 19. Rad1 Ra5 20. c4 e4 21.
Nd4 Ne5 22. c5 Nd3 23. Re2 f4 24. Bd2 Rxc5 25. Ne6 Rc2 26. Nxf8 Kxf8 27. Rxe4
b5 28. Bb4+ Nxb4 29. Rxb4 Rxb2 30. Rxf4 Rb3 31. Rf3 Ke7 32. Kf1 Rxf3 33. gxf3
Bb2 34. Rd3 b4 35. axb4 a3 36. Rd1 a2 37. Ke2 a1=Q 38. Rxa1 Bxa1 39. Kd3 Kd6
40. f4 Kd5 41. f3 Bf6 42. h3 Be7 43. b5 Bh4 44. b6 Kc6 45. Ke4 Kxb6 46. Kf5 Kc5
47. Ke4 Kc4 48. f5 Kc3 49. Ke3 Bg5+ 50. Kf2 Kd4 51. Kg3 Ke3 52. h4 Bxh4+ 53.
Kg4 Be7 54. Kg3 h5 55. f4 Bf6 0-1

[Event "Groningen op-A 51st"]
[Site "Groningen"]
[Date "2013.12.26"]
[Round "5"]
[White "Andriasian, Zaven"]
[Black "Stukopin, Andrey"]
[Result "1/2-1/2"]
[WhiteElo "2610"]
[BlackElo "2509"]
[PlyCount "41"]
[EventDate "2013.12.21"]
[EventType "swiss"]
[EventRounds "9"]
[EventCountry "NED"]
[SourceTitle "OM OTB B 201907"]
[Source "Opening Master"]
[SourceDate "2019.07.06"]
[SourceVersion "2"]
[SourceVersionDate "2019.07.06"]
[SourceQuality "1"]

1. e4 c5 2. Nf3 d6 3. Nc3 Nc6 4. d4 cxd4 5. Nxd4 Nf6 6. Be2 e5 7. Nb3 Be7 8.
O-O O-O 9. Bf3 a5 10. a4 Be6 11. Re1 Nb4 12. Bg5 Nd7 13. Be3 Nc5 14. Nxc5 dxc5
15. Qe2 Nc6 16. Bg4 Nd4 17. Bxd4 cxd4 18. Nb5 Bxg4 19. Qxg4 Rc8 20. Qe2 Bb4 21.
Red1 1/2-1/2

[Event "FICS rated standard game"]
[Site "FICS freechess.org"]
[Date "2013.12.26"]
[Round "?"]
[White "darkiest"]
[Black "GriffyJr"]
[Result "1-0"]
[WhiteElo "2109"]
[BlackElo "2071"]
[PlyCount "95"]
[EventDate "2013.??.??"]

1. e4 c5 2. Nf3 Nc6 3. d4 cxd4 4. Nxd4 Nf6 5. Nc3 d6 6. Be2 e5 7. Nf3 h6 8. O-O
Be7 9. Re1 O-O 10. h3 Be6 11. Bf1 Qa5 12. Bd2 Qd8 13. b3 d5 14. exd5 Nxd5 15.
Nxd5 Qxd5 16. Bc4 Qd6 17. Bxe6 Qxe6 18. c4 Rad8 19. Qc2 Nd4 20. Nxd4 Rxd4 21.
Bc3 Rd7 22. Rxe5 Qg6 23. Qxg6 fxg6 24. Re4 Bf6 25. Bxf6 Rxf6 26. Rae1 Rd2 27.
R4e2 Rxe2 28. Rxe2 Kf7 29. g3 Re6 30. Rxe6 Kxe6 31. Kg2 Ke5 32. Kf3 g5 33. Ke3
b6 34. g4 g6 35. b4 a6 36. a4 a5 37. c5 axb4 38. cxb6 Kd6 39. Kd4 Kc6 40. Kc4
Kxb6 41. Kxb4 Kc6 42. Kc4 Kb6 43. Kd4 Ka5 44. Ke5 Kxa4 45. Kf6 h5 46. Kxg6 Kb3
47. Kxh5 Kc2 48. Kxg5 1-0

[Event "Wch U12"]
[Site "Al Ain"]
[Date "2013.12.22"]
[Round "6"]
[White "Gholami, Aryan"]
[Black "Siva, Mahadevan"]
[Result "1/2-1/2"]
[WhiteElo "2192"]
[BlackElo "2017"]
[PlyCount "106"]
[EventDate "2013.12.18"]
[EventType "swiss"]
[EventRounds "11"]
[EventCountry "UAE"]
[SourceTitle "OM OTB B 201907"]
[Source "Opening Master"]
[SourceDate "2019.07.06"]
[SourceVersion "2"]
[SourceVersionDate "2019.07.06"]
[SourceQuality "1"]

1. e4 c5 2. Nf3 d6 3. d4 cxd4 4. Nxd4 Nf6 5. Nc3 Nc6 6. Be2 e5 7. Nb3 Be7 8.
O-O O-O 9. Be3 a5 10. Nd2 Be6 11. Nc4 b5 12. Nxb5 Nxe4 13. f3 Nf6 14. Nbxd6 Nd5
15. Bc5 Nd4 16. Bd3 Qc7 17. Ba3 Nb4 18. c3 Bxd6 19. Nxd6 Qxd6 20. Be4 Rad8 21.
cxd4 f5 22. Bc2 Qxd4+ 23. Qxd4 exd4 24. Bxb4 axb4 25. Bd3 Ra8 26. a3 bxa3 27.
Rxa3 Rxa3 28. bxa3 Rc8 29. a4 Rc3 30. Bb5 Bc4 31. Rd1 Bxb5 32. axb5 Rb3 33.
Rxd4 Rxb5 34. h4 Kf7 35. Kh2 Rb6 36. Kg3 Rg6+ 37. Kh3 Re6 38. h5 Re1 39. g4
fxg4+ 40. fxg4 g6 41. Rd7+ Re7 42. Rd6 gxh5 43. gxh5 Re6 44. Rd7+ Re7 45. Rd4
Kf6 46. Kg4 Ke5 47. Ra4 Rg7+ 48. Kh4 Rd7 49. Kg5 Rd6 50. Ra5+ Ke4 51. Kg4 h6
52. Rb5 Rc6 53. Rb8 Ke5 1/2-1/2

[Event "Wch U14"]
[Site "Al Ain"]
[Date "2013.12.21"]
[Round "5"]
[White "Dolinar, Jan"]
[Black "Pitkar, Ashutosh"]
[Result "0-1"]
[WhiteElo "1828"]
[BlackElo "1613"]
[PlyCount "54"]
[EventDate "2013.12.18"]
[EventType "swiss"]
[EventRounds "11"]
[EventCountry "UAE"]
[SourceTitle "OM OTB B 201907"]
[Source "Opening Master"]
[SourceDate "2019.07.06"]
[SourceVersion "2"]
[SourceVersionDate "2019.07.06"]
[SourceQuality "1"]

1. e4 c5 2. Nf3 d6 3. d4 cxd4 4. Nxd4 Nf6 5. Nc3 Nc6 6. Be2 e5 7. Nb3 Be7 8.
O-O O-O 9. h3 Be6 10. Be3 a6 11. g4 d5 12. exd5 Nxd5 13. Nxd5 Bxd5 14. f4 exf4
15. Bxf4 Qb6+ 16. Kh2 Rad8 17. Qe1 Rfe8 18. Bf3 Bxf3 19. Rxf3 Bd6 20. Qf1 Ne5
21. Rf2 Ng6 22. Bxd6 Qxd6+ 23. Kh1 Nh4 24. Nd2 Qc6+ 25. Nf3 Re3 26. Rd1 Rxd1
27. Qxd1 Nxf3 0-1

[Event "Tenerife-chT 1314 Preferente"]
[Site "Tenerife"]
[Date "2013.12.21"]
[Round "2.1"]
[White "Trujillo Delgado, Dafnae Lorena"]
[Black "Meneses Gonzalez, Kevin Moises"]
[Result "1/2-1/2"]
[WhiteElo "2205"]
[BlackElo "2296"]
[PlyCount "134"]
[EventDate "2013.12.14"]
[EventType "team-tourn"]
[EventRounds "14"]
[EventCountry "ESP"]
[SourceTitle "OM OTB B 201907"]
[Source "Opening Master"]
[SourceDate "2019.07.06"]
[SourceVersion "2"]
[SourceVersionDate "2019.07.06"]
[SourceQuality "1"]

1. e4 c5 2. Nf3 d6 3. d4 cxd4 4. Nxd4 Nf6 5. Nc3 Nc6 6. Be2 e5 7. Nb3 Be7 8. g4
h6 9. g5 hxg5 10. Bxg5 Be6 11. h4 a6 12. Qd3 Nb4 13. Qd2 Rc8 14. f3 Nh5 15.
O-O-O Nxa2+ 16. Nxa2 Bxb3 17. Nc3 Be6 18. Bxe7 Qxe7 19. Qxd6 Ng3 20. Rhg1 Nxe2+
21. Nxe2 g6 22. Rg5 Qxd6 23. Rxd6 Rxh4 24. Rxe5 Ke7 25. Rb6 Rd8 26. Rg5 Rh2 27.
Ng3 Rdd2 28. Rxb7+ Kf6 29. f4 Rxc2+ 30. Kd1 Rxb2 31. Nh5+ Rxh5 32. e5+ Kg7 33.
Rxb2 Rh1+ 34. Kd2 a5 35. Rg3 a4 36. Rb8 Rh2+ 37. Ke1 Ra2 38. Rd3 Ra1+ 39. Kf2
Ra2+ 40. Ke3 g5 41. fxg5 Kg6 42. Rg8+ Kf5 43. Kd4 Rf2 44. Re3 Rf4+ 45. Kc3 a3
46. Re1 a2 47. Kb2 Re4 48. Rxe4 Kxe4 49. Ra8 Kxe5 50. Ra5+ Kf4 51. Kc3 a1=Q+
52. Rxa1 Kxg5 53. Kd4 f6 54. Rf1 Bf7 55. Rf2 Be6 56. Ke4 Bh3 57. Rh2 Bf5+ 58.
Ke3 Bg4 59. Rf2 Bf5 60. Rg2+ Bg4 61. Rf2 Bf5 62. Kf3 Bg6 63. Kg3 Be4 64. Rb2 f5
65. Rb5 Bd3 66. Rc5 Be4 67. Re5 Bc6 1/2-1/2

[Event "Wch U12 Girls"]
[Site "Al Ain"]
[Date "2013.12.20"]
[Round "3"]
[White "Blond Hanten, Elsa"]
[Black "Li, Xinyu"]
[Result "0-1"]
[WhiteElo "1436"]
[BlackElo "1704"]
[PlyCount "66"]
[EventDate "2013.12.18"]
[EventType "swiss"]
[EventRounds "11"]
[EventCountry "UAE"]
[SourceTitle "OM OTB B 201907"]
[Source "Opening Master"]
[SourceDate "2019.07.06"]
[SourceVersion "2"]
[SourceVersionDate "2019.07.06"]
[SourceQuality "1"]

1. e4 c5 2. Nf3 d6 3. d4 cxd4 4. Nxd4 Nf6 5. Nc3 Nc6 6. Be2 e5 7. Nf3 h6 8. Be3
Be7 9. O-O O-O 10. Qd2 Be6 11. Rad1 a6 12. a4 Rc8 13. Nh4 Nb4 14. Nf5 Bxf5 15.
exf5 d5 16. Nxd5 Qxd5 17. Qe1 Qc6 18. c3 Nbd5 19. a5 Rfd8 20. Bf3 e4 21. Be2
Nxe3 22. fxe3 Qc7 23. c4 Bc5 24. Qc3 Bd6 25. g3 Be5 26. Qa3 Rxd1 27. Rxd1 Rd8
28. Rc1 Rd2 29. Re1 Rxb2 30. Kf1 Rd2 31. Qb4 Ra2 32. Rb1 Ra1 33. Rxa1 Bxa1 0-1

[Event "Kurdistan op 2nd"]
[Site "Erbil"]
[Date "2013.12.16"]
[Round "6"]
[White "Sadiq, Ali"]
[Black "Nikolova, Adriana"]
[Result "0-1"]
[WhiteElo "1983"]
[BlackElo "2293"]
[PlyCount "80"]
[EventDate "2013.12.12"]
[EventType "swiss"]
[EventRounds "9"]
[EventCountry "IRQ"]
[SourceTitle "OM OTB B 201907"]
[Source "Opening Master"]
[SourceDate "2019.07.06"]
[SourceVersion "2"]
[SourceVersionDate "2019.07.06"]
[SourceQuality "1"]

1. e4 c5 2. Nf3 d6 3. d4 cxd4 4. Nxd4 Nf6 5. Nc3 Nc6 6. Be2 e5 7. Nb3 Be7 8.
Be3 O-O 9. f3 a5 10. Na4 Be6 11. Nb6 Rb8 12. g4 d5 13. g5 d4 14. gxf6 Bxf6 15.
Nd5 dxe3 16. Bb5 Nd4 17. Nxd4 exd4 18. Nxf6+ Qxf6 19. h4 Qe5 20. a4 f5 21. exf5
Rxf5 22. Rf1 Bd5 23. Qd3 Qg3+ 24. Kd1 Bxf3+ 25. Kc1 e2 26. Qb3+ Kh8 27. Bxe2
Rbf8 28. Ra3 Qg2 29. Qxf3 Rxf3 30. Raxf3 Rxf3 31. Rxf3 g6 32. Bd1 Kg7 33. Rd3
Qf2 34. h5 g5 35. c3 Qf4+ 36. Kb1 dxc3 37. bxc3 g4 38. Bc2 g3 39. Rd7+ Kf6 40.
h6 g2 0-1

[Event "BL2-Sued 1314"]
[Site "Germany"]
[Date "2013.12.15"]
[Round "4.7"]
[White "Hankel, Dennis"]
[Black "Hirneise, Jens"]
[Result "1-0"]
[WhiteElo "2175"]
[BlackElo "2282"]
[PlyCount "87"]
[EventDate "2013.10.13"]
[EventType "team-tourn"]
[EventRounds "9"]
[EventCountry "GER"]
[SourceTitle "OM OTB B 201907"]
[Source "Opening Master"]
[SourceDate "2019.07.06"]
[SourceVersion "2"]
[SourceVersionDate "2019.07.06"]
[SourceQuality "1"]

1. e4 c5 2. Nf3 Nc6 3. d4 cxd4 4. Nxd4 Nf6 5. Nc3 d6 6. Be2 e5 7. Nb3 Be7 8.
O-O O-O 9. Be3 a5 10. a4 Nb4 11. f4 Bd7 12. Bf3 Bc6 13. Qe2 Qc7 14. Rfd1 b6 15.
g3 Qb7 16. Qg2 Rac8 17. Rd2 Rfe8 18. f5 Nd7 19. g4 Nc5 20. Nxc5 dxc5 21. g5
Rcd8 22. Rf2 g6 23. fxg6 fxg6 24. Be2 Rf8 25. Bc4+ Kg7 26. Raf1 Rxf2 27. Rxf2
Rf8 28. Rd2 Be8 29. Qh3 Nc6 30. Nd5 Nd4 31. Bxd4 cxd4 32. Nf6 h5 33. gxh6+ Kh8
34. Bd5 Qa6 35. Nxe8 Bg5 36. Rd3 Be3+ 37. Kh1 Qa7 38. Qe6 Qb8 39. Nd6 Rf1+ 40.
Kg2 Rf2+ 41. Kg3 Qf8 42. Qxe5+ Rf6 43. Nf7+ Qxf7 44. Bxf7 1-0

[Event "Novokuznetsk-ch"]
[Site "Novokuznetsk"]
[Date "2013.12.14"]
[Round "8"]
[White "Anokhin, Viktor T"]
[Black "Vorobyova, Alyona"]
[Result "0-1"]
[WhiteElo "2031"]
[BlackElo "1978"]
[PlyCount "90"]
[EventDate "2013.11.17"]
[EventType "swiss"]
[EventRounds "9"]
[EventCountry "RUS"]
[SourceTitle "OM OTB B 201907"]
[Source "Opening Master"]
[SourceDate "2019.07.06"]
[SourceVersion "2"]
[SourceVersionDate "2019.07.06"]
[SourceQuality "1"]

1. e4 c5 2. Nf3 Nc6 3. Nc3 d6 4. Be2 Nf6 5. d4 cxd4 6. Nxd4 e5 7. Nxc6 bxc6 8.
O-O Be7 9. Kh1 O-O 10. f4 Qc7 11. Qe1 Rb8 12. b3 Nd7 13. f5 Bb7 14. Bc4 Nf6 15.
Qg3 Kh8 16. Bb2 Rbd8 17. Rad1 Qa5 18. Be2 Rfe8 19. Bf3 d5 20. exd5 cxd5 21. Na4
e4 22. Be2 Bd6 23. Qe3 Qc7 24. h3 Bc6 25. Nc5 Qe7 26. Bd4 Be5 27. c3 Bb8 28.
Na6 Bd6 29. Nc5 Rc8 30. b4 Bb8 31. Na6 Bd6 32. Nc5 Bb8 33. g4 Qd6 34. Rf2 Qg3
35. Rg1 Qxe3 36. Bxe3 d4 37. cxd4 Nd5 38. Ba6 Nxe3 39. Re2 Nd5 40. Bxc8 Rxc8
41. b5 Bxb5 42. Rxe4 Nc3 43. Ree1 Bc6+ 44. Rg2 Bxg2+ 45. Kxg2 Nxa2 0-1

[Event "Novokuznetsk-ch"]
[Site "Novokuznetsk"]
[Date "2013.12.14"]
[Round "8"]
[White "Turbin, Vladimir"]
[Black "Chernov, Mikhail"]
[Result "1-0"]
[WhiteElo "2059"]
[BlackElo "2219"]
[PlyCount "65"]
[EventDate "2013.11.17"]
[EventType "swiss"]
[EventRounds "9"]
[EventCountry "RUS"]
[SourceTitle "OM OTB B 201907"]
[Source "Opening Master"]
[SourceDate "2019.07.06"]
[SourceVersion "2"]
[SourceVersionDate "2019.07.06"]
[SourceQuality "1"]

1. e4 c5 2. Nf3 Nc6 3. d4 cxd4 4. Nxd4 Nf6 5. Nc3 d6 6. Be2 e5 7. Nf3 h6 8. h3
Be6 9. O-O Be7 10. Re1 O-O 11. Bf1 Nb8 12. a4 Nbd7 13. a5 a6 14. Nd5 Nxd5 15.
exd5 Bf5 16. Nd2 Bh7 17. Nc4 g5 18. h4 Kg7 19. Ra3 f5 20. Rb3 Nc5 21. Rb6 Qd7
22. hxg5 hxg5 23. Bxg5 Bxg5 24. Rxd6 Qc7 25. Rxe5 Bf4 26. Qd4 Bxe5 27. Qxe5+
Kg8 28. Rg6+ Bxg6 29. Qxc7 Rac8 30. Qb6 Kg7 31. Nd6 Rf6 32. b4 Nd7 33. Qxb7 1-0

[Event "Las Palmas Insular-chT Primera-A"]
[Site "Las Palmas"]
[Date "2013.12.14"]
[Round "4.3"]
[White "Monzon Aleman, Ayoze"]
[Black "Quevedo Sarmiento, Jacinto"]
[Result "0-1"]
[WhiteElo "1740"]
[BlackElo "1579"]
[PlyCount "52"]
[EventDate "2013.11.09"]
[EventType "team-tourn"]
[EventRounds "14"]
[EventCountry "ESP"]
[SourceTitle "OM OTB B 201907"]
[Source "Opening Master"]
[SourceDate "2019.07.06"]
[SourceVersion "2"]
[SourceVersionDate "2019.07.06"]
[SourceQuality "1"]

1. e4 c5 2. Nf3 Nc6 3. Nc3 d6 4. d4 cxd4 5. Nxd4 Nf6 6. Be2 e5 7. Nxc6 bxc6 8.
O-O Be7 9. Kh1 O-O 10. f4 exf4 11. Bxf4 Be6 12. Qe1 d5 13. Qg3 Kh8 14. Rad1 Qb6
15. e5 Ne4 16. Nxe4 dxe4 17. b3 Rad8 18. c4 Rxd1 19. Bxd1 Rd8 20. Bc2 Qa5 21.
Bxe4 c5 22. h4 Rd4 23. Bg5 Bxg5 24. Qxg5 Rxe4 25. Qe7 h6 26. h5 Rd4 0-1

[Event "Kolkata op 6th"]
[Site "Kolkata"]
[Date "2013.12.08"]
[Round "4"]
[White "Thipsay, Praveen Mahadeo"]
[Black "Singh, S Vikramjit"]
[Result "1/2-1/2"]
[WhiteElo "2419"]
[BlackElo "2208"]
[PlyCount "52"]
[EventDate "2013.12.06"]
[EventType "swiss"]
[EventRounds "10"]
[EventCountry "IND"]
[SourceTitle "OM OTB B 201907"]
[Source "Opening Master"]
[SourceDate "2019.07.06"]
[SourceVersion "2"]
[SourceVersionDate "2019.07.06"]
[SourceQuality "1"]

1. e4 c5 2. Nf3 d6 3. d4 cxd4 4. Nxd4 Nf6 5. Nc3 Nc6 6. Be2 e5 7. Nf3 h6 8. O-O
Be7 9. h3 O-O 10. Nh2 Nd4 11. Ng4 Nxe2+ 12. Qxe2 Nxg4 13. hxg4 Be6 14. Rd1 Qd7
15. Nd5 Rfc8 16. c4 Bd8 17. f3 Bxd5 18. Rxd5 Bb6+ 19. Be3 Bxe3+ 20. Qxe3 Rxc4
21. Rad1 Rc2 22. g5 Qd8 23. gxh6 Qb6 24. Qxb6 axb6 25. Rxd6 Rxa2 26. Rxb6 Raxb2
1/2-1/2